000
00326nam a2200145Ia 4500
005
20251222143149.0
008
251222s9999||||xx |||||||||||||| ||spa||
020
_a
9788425428647
082
_a
128.33/M41
100
_a
Mélich
245
0
_a
Filosofía de la Finitud
250
_a
2da.ed.
264
_b
Herder
942
_c
LIB
999
_c
12619
_d
12619